000 00694nam a2200277Ia 4500
005 20260324135820.0
008 008 260324s9999 xx 000 0 eng d
020 _a9780429438981
037 _aEBOOK
040 _aCRL
040 _beng
040 _cCRL
041 _2eng
041 _aeng
084 _qCRL
100 _aJean Jinghan Chen; David Wills
_91202023
245 4 _aThe Impact of China's Economic Reforms Upon Land, Property and Construction
260 _bTaylor and Francis
260 _c1999
365 _a
365 _b115
856 _uhttp://www.taylorfrancis.com/books/9780429438981
942 _cEBOOK
999 _c1803485
_d1803485